000 01487nam a22003017a 4500
005 20090727101825.0
008 090608t xxu||||| |||| 00| 0 hin d
010 _aHIN-87524
020 _a9788128820960
_c195.00
035 _aHN-59870
037 _bDBAD / PUB
040 _adpl
_bhn
082 _a332.6420954
100 _aजोशी, केवल आनन्द
245 _a2009-10 तेजी-मन्दी सट्टा और शेयर मार्किट /
_cकेवल आनन्द जोशी
246 _bby Kewal Aanand Joshi
_a2009-10 Teji-mandi satta aura share market
260 _aनई दिल्ली
_bडायमंड पॉकेट बुक्स
_c2009
270 _aएक्स-30, ओखला इंडस्ट्रियल एरिया, फेज-2
_bनई दिल्ली
_e110020
_k011-41611861, 40712100
_l011-41611866
_msales@dpb.in
300 _a592पृ.
_c22सेमी (अजिल्द)
650 _aशेयर बाज़ार
_zभारत
650 _aStock exchange
_zIndia
650 _aशेयर बाज़ार
650 _aStock exchanges
650 _aस्टॉक
650 _aStocks
942 _2ddc
_cHN
_mजोशीके
_h332.6420954
999 _c28683
_d28683